[Event "Druzynowe Mistrzostwa Polski w Szachach I LIGA 2021"]
[Site "Szklarska Poreba"]
[Date "1899-12-30"]
[Round "5.14"]
[White "Pacan-milej, Kosma"]
[Black "Pulpan, Jakub"]
[Result "1/2-1/2"]
[WhiteTitle "FM"]
[BlackTitle "IM"]
[WhiteElo "2401"]
[BlackElo "2418"]

1. d4 Nf6 2. c4 e6 3. Nc3 d5 4. cxd5 Nxd5 5. e4 Nxc3 6. bxc3 c5 7. Rb1 Be7 8. Bb5+
Nd7 9. a4 O-O 10. Nf3 a6 11. Bd3 b6 12. O-O Bb7 13. Qe2 Qc7 14. d5 Bf6 15. c4
Rfe8 16. Qc2 Rab8 17. Bd2 Ne5 18. Nxe5 Bxe5 19. Kh1 f5 20. a5 bxa5 21. Qa4 fxe4
22. Bxe4 Ba8 23. f4 Bd4 24. Bxa5 Qf7 25. Rxb8 Rxb8 26. dxe6 Qxe6 27. Bxa8 Rxa8
28. Re1 Qf7 29. Qc6 Rf8 30. Qxa6 Qxf4 31. Qe6+ Kh8 32. h3 Qg3 33. Qe7 Qf2 34.
Bc7 h6 35. Bd6 Ra8 36. Qe4 Rd8 37. Be5 Qf7 38. Bxd4 Rxd4 39. Qc6 Rxc4 40. Qd6
Qf5 41. Re8+ Kh7 42. Rf8 Rc1+ 43. Kh2 Qb1 44. Qd5 Rh1+ 45. Kg3 Qe1+ 46. Rf2 Qe7
47. Qf5+ g6 48. Qf7+ Qxf7 49. Rxf7+ Kg8 50. Rc7 Rc1 51. Kf4 Rf1+ 52. Ke5 Rf5+
53. Ke6 h5 54. g4 hxg4 55. hxg4 Rg5 56. Kf6 Rxg4 57. Rxc5 Kh7 58. Rc1 Rh4 59.
Kg5 Rh5+ 60. Kg4 Kh6 1/2-1/2

[Event "Druzynowe Mistrzostwa Polski w Szachach I LIGA 2021"]
[Site "Szklarska Poreba"]
[Date "1899-12-30"]
[Round "5.15"]
[White "Licznerski, Lukasz"]
[Black "Olsen, Filip Boe"]
[Result "1-0"]
[WhiteTitle "FM"]
[BlackTitle "IM"]
[WhiteElo "2387"]
[BlackElo "2378"]

1. e4 c6 2. d4 d5 3. Nc3 dxe4 4. Nxe4 Bf5 5. Ng3 Bg6 6. h4 h6 7. Nf3 e6 8. Ne5
Bh7 9. Bd3 Bxd3 10. Qxd3 Nd7 11. f4 Nxe5 12. fxe5 Be7 13. h5 Bh4 14. O-O Bxg3
15. Qxg3 Ne7 16. c3 Rg8 17. Qf3 Rf8 18. Qg3 Rg8 19. Qf3 Rf8 20. b3 Qd5 21. Ba3
Qxf3 22. Rxf3 Rd8 23. Raf1 Rd7 24. Rf4 Nd5 25. Bxf8 Nxf4 26. Bxg7 Nxh5 27. Bxh6
c5 28. Rf3 cxd4 29. g4 d3 30. gxh5 d2 31. Bxd2 Rxd2 32. h6 Kf8 33. h7 Kg7 34.
Rxf7+ Kh8 35. Rxb7 Rxa2 36. b4 a5 37. Ra7 Ra3 38. b5 Rb3 39. c4 a4 40. Rxa4 Kxh7
41. Ra6 Rb4 42. Rc6 Kg6 43. b6 Kf5 44. c5 Kxe5 45. Rc7 1-0

[Event "Druzynowe Mistrzostwa Polski w Szachach I LIGA 2021"]
[Site "Szklarska Poreba"]
[Date "1899-12-30"]
[Round "5.16"]
[White "Maksimenko, Andrei"]
[Black "Pinski, Jan"]
[Result "0-1"]
[WhiteTitle "GM"]
[BlackTitle "IM"]
[WhiteElo "2460"]
[BlackElo "2337"]

1. d4 Nf6 2. Nf3 c5 3. d5 b5 4. Bg5 Qa5+ 5. c3 Ne4 6. Bf4 d6 7. Nbd2 Nxd2 8. Nxd2
g6 9. a4 b4 10. Nc4 Qd8 11. cxb4 cxb4 12. Qd4 f6 13. h4 h5 14. Nd2 a5 15. e4 Kf7
16. Bb5 Na6 17. Bc6 Rb8 18. Nb3 Bg7 19. Qa7 f5 20. exf5 Bxb2 21. fxg6+ Kxg6 22.
O-O Bxa1 23. Rxa1 Qc7 24. Qe3 e5 25. Qg3+ Kh7 26. Qd3+ Kg7 27. Qg3+ Kh7 28. Qd3+
Kg7 29. Be3 Qf7 30. f4 Qg6 31. Qd2 Bf5 32. fxe5 dxe5 33. Qb2 Kh7 34. Qxe5 Rhg8
35. Bg5 Bc2 36. Nd4 b3 37. Nxc2 b2 38. Rb1 Qxc2 39. Qe1 Nb4 40. Bb5 Rxb5 41. axb5
Nxd5 42. Qf1 Rf8 43. Qe1 Rf5 44. b6 Rf7 45. Kh2 Rf2 46. Qg1 Nf4 47. Bxf4 Rxf4
48. Qe1 Rg4 49. Qe7+ Rg7 50. Rxb2 Qxb2 51. Qe4+ Kh6 52. Qe6+ Rg6 53. Qe3+ 0-1

[Event "Druzynowe Mistrzostwa Polski w Szachach I LIGA 2021"]
[Site "Szklarska Poreba"]
[Date "1899-12-30"]
[Round "5.17"]
[White "Brzeski, Maciej"]
[Black "Jakubiec, Artur"]
[Result "1/2-1/2"]
[WhiteTitle "m"]
[BlackTitle "GM"]
[WhiteElo "2358"]
[BlackElo "2438"]

1. e4 c5 2. Nf3 Nc6 3. d4 cxd4 4. Nxd4 e5 5. Nb5 d6 6. N1c3 a6 7. Na3 Be6 8. Nc4
Rb8 9. a4 Nb4 10. Nd5 Bxd5 11. exd5 Nf6 12. Ne3 Qa5 13. Bd2 Qc5 14. c4 a5 15.
Be2 Ne4 16. Bc1 g6 17. Bd3 Nf6 18. Nc2 Nxc2+ 19. Qxc2 b6 20. O-O Bg7 21. Rb1 O-O
22. Be3 Qc7 23. b4 axb4 24. Rxb4 Nd7 25. Rfb1 f5 26. f3 Nc5 27. Rb5 e4 28. fxe4
fxe4 29. Bf1 Be5 30. g3 Qg7 31. Qd2 Nxa4 32. R5b3 Rf3 33. Kh1 Nc5 34. Bxc5 dxc5
35. Bg2 Rxb3 36. Rxb3 Re8 37. Bxe4 Bxg3 38. hxg3 Rxe4 39. Rxb6 Qe7 40. Rb2 Qe5
41. d6 Rd4 42. Rb8+ Kg7 43. Rb7+ Kf6 44. Qf2+ Qf5 45. Qxf5+ Ke5 1/2-1/2

[Event "Druzynowe Mistrzostwa Polski w Szachach I LIGA 2021"]
[Site "Szklarska Poreba"]
[Date "1899-12-30"]
[Round "5.18"]
[White "Kubicka, Anna"]
[Black "Michna, Marta"]
[Result "1/2-1/2"]
[WhiteTitle "WIM"]
[BlackTitle "WGM"]
[WhiteElo "2274"]
[BlackElo "2323"]

1. e4 e6 2. d4 d5 3. Nd2 Nf6 4. e5 Nfd7 5. f4 c5 6. c3 Nc6 7. Ndf3 cxd4 8. cxd4
a5 9. Bb5 Nb6 10. Ne2 Bd7 11. Nc3 h5 12. O-O g6 13. a3 Ne7 14. Bd3 Nf5 15. Qe2
Bc6 16. b3 Be7 17. a4 Nc8 18. Bd2 Qb6 19. Qf2 Bb4 20. Rab1 Nce7 21. Rfc1 Rc8 22.
h3 h4 23. Ne2 Bxd2 24. Nxd2 Kf8 25. Nf3 Kg7 26. Kh2 Bd7 27. Rxc8 Bxc8 28. g4 hxg3+
29. Nxg3 Nxg3 30. Qxg3 Rh5 31. Qg4 Bd7 32. Qg1 Qb4 33. Qe1 Nc6 34. Bb5 Nxd4 35.
Nxd4 Qxd4 36. Bxd7 Qxf4+ 37. Qg3 Qd2+ 38. Qg2 Qf4+ 39. Qg3 Qd2+ 40. Qg2 Qf4+ 41.
Qg3 1/2-1/2

[Event "Druzynowe Mistrzostwa Polski w Szachach I LIGA 2021"]
[Site "Szklarska Poreba"]
[Date "1899-12-30"]
[Round "5.19"]
[White "Kowalski, Igor"]
[Black "Stachowiak, Kamil"]
[Result "0-1"]
[WhiteTitle "FM"]
[BlackTitle "IM"]
[WhiteElo "2378"]
[BlackElo "2470"]

1. d4 Nf6 2. c4 c5 3. d5 b5 4. cxb5 a6 5. bxa6 g6 6. Nc3 Bxa6 7. e4 Bxf1 8. Kxf1
d6 9. g3 Bg7 10. Kg2 O-O 11. Nf3 Qb6 12. Qe2 Na6 13. Nd2 Nc7 14. Rd1 Rfb8 15.
a3 Nd7 16. Rb1 h5 17. f4 Qa6 18. Qf3 e6 19. e5 exd5 20. exd6 Qxd6 21. b3 Qe6 22.
Bb2 Qf5 23. Rbc1 Re8 24. Nf1 d4 25. Nb1 Ra6 26. b4 Rae6 27. Rd2 Nd5 28. bxc5 Ne3+
29. Kg1 Ne5 30. Qe2 N5c4 31. Rxc4 Nxc4 32. Qxc4 Qxb1 33. Bxd4 Re4 34. Qc3 Re1
35. Bxg7 Rxf1+ 36. Kg2 Rg1+ 0-1

[Event "Druzynowe Mistrzostwa Polski w Szachach I LIGA 2021"]
[Site "Szklarska Poreba"]
[Date "1899-12-30"]
[Round "5.20"]
[White "Dobrowolski, Piotr"]
[Black "Sanz, Wawer Daniel"]
[Result "1/2-1/2"]
[WhiteTitle "IM"]
[BlackTitle "FM"]
[WhiteElo "2413"]
[BlackElo "2359"]

1. d4 Nf6 2. c4 e6 3. Nf3 d5 4. Nc3 Be7 5. Bf4 O-O 6. e3 b6 7. cxd5 Nxd5 8. Nxd5
exd5 9. Rc1 Bb4+ 10. Nd2 Bd6 11. Bg3 g6 12. Be2 Bb7 13. O-O Bxg3 14. hxg3 Nd7
15. Bb5 a6 16. Bc6 Bxc6 17. Rxc6 Rc8 18. Qc2 Nb8 19. Rc3 c6 20. Rc1 Re8 21. b4
Qd6 22. a3 Re7 23. Nf3 Rec7 24. e4 dxe4 25. Qxe4 Re7 26. Qh4 f6 27. d5 c5 28.
bxc5 bxc5 29. Qf4 Qxd5 30. Qxf6 Re6 31. Qf4 Nd7 32. Qa4 Rd6 33. R3c2 Ne5 34. Nxe5
Qxe5 35. Qa5 Rdc6 36. Re1 Qc7 1/2-1/2

[Event "Druzynowe Mistrzostwa Polski w Szachach I LIGA 2021"]
[Site "Szklarska Poreba"]
[Date "1899-12-30"]
[Round "5.21"]
[White "Nowak, Lukasz"]
[Black "Ochedzan, Tymon"]
[Result "1-0"]
[WhiteTitle "FM"]
[BlackTitle "FM"]
[WhiteElo "2337"]
[BlackElo "2300"]

1. d4 Nf6 2. c4 g6 3. g3 Bg7 4. Bg2 O-O 5. Nc3 c5 6. dxc5 Qa5 7. Qa4 Qxc5 8. Be3
Qh5 9. h3 Nc6 10. c5 d5 11. cxd6 exd6 12. g4 Qe5 13. Nf3 Qe6 14. O-O Bd7 15. Rfd1
Rfd8 16. Qa3 Bf8 17. g5 Ne4 18. Nd5 Rac8 19. Nh2 f5 20. gxf6 Re8 21. Ng4 Qf7 22.
Qb3 Na5 23. Qd3 Bxg4 24. hxg4 Nxf6 25. Nxf6+ Qxf6 26. Qd5+ Qe6 27. Qxe6+ Rxe6
28. Bd5 Kf7 29. Rac1 Nc6 30. b4 a6 31. a4 Rce8 32. b5 axb5 33. axb5 Nd8 34. Bg5
Be7 35. Rc7 Kf8 36. Bh6+ Kf7 37. g5 Kg8 38. Rdc1 Kh8 39. Bxe6 Nxe6 40. Rxe7 1-0

[Event "Druzynowe Mistrzostwa Polski w Szachach I LIGA 2021"]
[Site "Szklarska Poreba"]
[Date "1899-12-30"]
[Round "5.22"]
[White "Luberanski, Jakub"]
[Black "Chylewski, Patryk"]
[Result "1-0"]
[WhiteTitle "FM"]
[BlackTitle "FM"]
[WhiteElo "2188"]
[BlackElo "2301"]

1. d4 Nf6 2. c4 e6 3. Nc3 Bb4 4. Qc2 O-O 5. a3 Bxc3+ 6. Qxc3 d6 7. Bg5 Nbd7 8.
e3 b6 9. Bd3 Bb7 10. f3 h6 11. Bh4 c5 12. Ne2 Rc8 13. b4 Qc7 14. Rc1 Qb8 15. Bg3
Nh5 16. Bf2 cxd4 17. exd4 Ba6 18. Qb3 Rfd8 19. O-O Nhf6 20. Bg3 Nh5 21. Bh4 Nhf6
22. Rfd1 Bb7 23. Nc3 Re8 24. Ne4 Nxe4 25. fxe4 d5 26. exd5 Qf4 27. Bg3 Qxd4+ 28.
Kh1 Qg4 29. dxe6 Qxe6 30. Qc2 g6 31. Re1 Qc6 32. Qf2 Qf6 33. Qxf6 Nxf6 34. Rxe8+
Rxe8 35. c5 bxc5 36. bxc5 Rd8 37. Bb5 Ne4 38. c6 Nxg3+ 39. hxg3 Bc8 40. Re1 Kg7
41. Re7 Rd5 42. Bc4 Rc5 43. Rxf7+ Kh8 44. Rf8+ Kg7 45. Rf7+ Kh8 46. Rf8+ Kg7 47.
Rxc8 Rxc4 48. c7 Rc1+ 49. Kh2 h5 50. g4 h4 51. g5 Rc3 52. Kg1 Rh3 1-0

[Event "Druzynowe Mistrzostwa Polski w Szachach I LIGA 2021"]
[Site "Szklarska Poreba"]
[Date "1899-12-30"]
[Round "5.23"]
[White "Golecki, Jan"]
[Black "Kolasinski, Krzysztof"]
[Result "0-1"]
[WhiteTitle "k"]
[BlackTitle "k"]
[WhiteElo "2249"]
[BlackElo "2112"]

1. d4 Nf6 2. c4 g6 3. Nc3 Bg7 4. e4 d6 5. h3 O-O 6. Be3 c6 7. g4 a6 8. a4 Qa5 9.
f3 Nbd7 10. Nge2 e5 11. d5 Ne8 12. Rg1 Kh8 13. Qb1 Nc5 14. Nc1 Qd8 15. b4 Nd7
16. Nb3 f5 17. g5 fxe4 18. fxe4 Rf3 19. Qd3 c5 20. Ke2 Rxe3+ 21. Qxe3 cxb4 22.
Na2 Nb6 23. Nxb4 a5 24. Nc2 Bd7 25. Kf2 Nxa4 26. Be2 Nc7 27. Bg4 Be8 28. Kg3 Na6
29. Rgc1 b6 30. Ne1 N4c5 31. Nxc5 Nxc5 32. Bd1 Bd7 33. Ra3 Nxe4+ 34. Kh2 Nxg5
35. Bg4 Bxg4 36. hxg4 e4 37. Kg2 Qf6 38. Rb1 Rf8 39. Nc2 Qe5 40. Qg3 Qf6 41. Rab3
Nf3 42. Rxb6 Qc3 43. Qf2 Ng5 44. Qg3 Qxc2+ 45. Kh1 Be5 46. Qh4 Qe2 47. Rb8 Qf3+
48. Kg1 Nh3+ 49. Qxh3 Qxh3 50. Rxf8+ Kg7 51. Rf2 Bd4 52. Rb7+ Kh6 53. Rg7 0-1

[Event "Druzynowe Mistrzostwa Polski w Szachach I LIGA 2021"]
[Site "Szklarska Poreba"]
[Date "1899-12-30"]
[Round "5.25"]
[White "Skawinski, Arkadiusz"]
[Black "Bobula, Mateusz"]
[Result "1-0"]
[WhiteTitle "FM"]
[BlackTitle "IM"]
[WhiteElo "2359"]
[BlackElo "2329"]

1. e4 e6 2. d4 d5 3. Nc3 Nf6 4. Bg5 Bb4 5. e5 h6 6. Bd2 Bxc3 7. bxc3 Ne4 8. Bc1
c5 9. Ne2 Qa5 10. f3 Nxc3 11. Qd2 cxd4 12. Nxd4 Qc5 13. a4 Bd7 14. Ba3 Qc8 15.
Bb4 Nxa4 16. Nb5 Bxb5 17. Bxb5+ Nc6 18. Bxa4 1-0

[Event "Druzynowe Mistrzostwa Polski w Szachach I LIGA 2021"]
[Site "Szklarska Poreba"]
[Date "1899-12-30"]
[Round "5.26"]
[White "Toczek, Grzegorz"]
[Black "Brodowski, Piotr"]
[Result "1-0"]
[WhiteTitle "FM"]
[BlackTitle "IM"]
[WhiteElo "2271"]
[BlackElo "2439"]

1. e4 g6 2. Nc3 Bg7 3. d4 d6 4. f4 Nf6 5. Nf3 O-O 6. Bd3 Bg4 7. h3 Bxf3 8. Qxf3
Nc6 9. Be3 e5 10. fxe5 dxe5 11. d5 Nd4 12. Qf2 c6 13. dxc6 bxc6 14. O-O Nd7 15.
Rad1 Nc5 16. Bc4 Qe7 17. a3 a5 18. b4 axb4 19. axb4 Nce6 20. Rb1 Ra3 21. Nd1 Rfa8
22. c3 Nb5 23. Qc2 Kh8 24. Bb3 Rd8 25. Nf2 h5 26. Nd3 Nf4 27. Nxf4 exf4 28. Rxf4
Nxc3 29. Rbf1 f5 30. Bc5 Qe5 31. Bf7 Rd7 32. Bxg6 Ra2 33. Qxa2 Nxa2 34. Rxf5 Nc3
35. Rxe5 Bxe5 36. Be8 Rd2 37. Bxh5 Nxe4 38. Re1 Bd4+ 39. Bxd4+ Rxd4 40. Bf3 Nd2
41. Bxc6 Rxb4 42. Re2 Rb1+ 43. Kf2 Rf1+ 44. Kg3 Nb3 45. Bf3 Nd4 46. Re8+ Kg7 47.
Bg4 Nb5 48. Be2 Nd6 49. Re6 Nf5+ 50. Kg4 Rf2 51. Bf3 Nd4 52. Re3 Nxf3 53. Kg3
1-0

[Event "Druzynowe Mistrzostwa Polski w Szachach I LIGA 2021"]
[Site "Szklarska Poreba"]
[Date "1899-12-30"]
[Round "5.27"]
[White "Luch, Michal"]
[Black "Kyc, Jerzy"]
[Result "1-0"]
[WhiteTitle "IM"]
[BlackTitle "m"]
[WhiteElo "2383"]
[BlackElo "2252"]

1. d4 d5 2. c4 c6 3. Nf3 Nf6 4. Qc2 g6 5. Bf4 Bg7 6. e3 O-O 7. Nc3 a6 8. h3 b5
9. cxd5 cxd5 10. Be2 Bb7 11. O-O Nc6 12. Rfc1 Rc8 13. Qd1 Ne4 14. Bh2 Qd7 15.
a4 b4 16. Nxe4 dxe4 17. Nd2 Na5 18. Nb3 Nxb3 19. Qxb3 a5 20. Bb5 Qd8 21. Qd1 Qd5
22. Bc7 e5 23. Rc5 Qe6 24. dxe5 Bd5 25. Rac1 Rxc7 26. Rxc7 Bxe5 27. Bd7 Qd6 28.
R7c5 Qxd7 29. Rxd5 Qe6 30. b3 Bc3 31. Rxa5 Kg7 32. Qd5 1-0

[Event "Druzynowe Mistrzostwa Polski w Szachach I LIGA 2021"]
[Site "Szklarska Poreba"]
[Date "1899-12-30"]
[Round "5.28"]
[White "Sernecki, Franciszek"]
[Black "Butkiewicz, Lukasz"]
[Result "0-1"]
[WhiteTitle "FM"]
[BlackTitle "IM"]
[WhiteElo "2211"]
[BlackElo "2378"]

1. d4 d5 2. c4 e6 3. Nf3 c6 4. e3 Bd6 5. Nc3 f5 6. h3 Ne7 7. Bd3 O-O 8. Bd2 Nd7
9. Qe2 Nf6 10. g4 Bd7 11. O-O-O b5 12. c5 Bc7 13. Rdg1 Be8 14. Be1 Ne4 15. Nh4
Ng6 16. Nxg6 Bxg6 17. h4 f4 18. Bxe4 Bxe4 19. f3 Bg6 20. h5 Be8 21. e4 e5 22.
Bh4 Qd7 23. Rd1 exd4 24. Rxd4 Be5 25. Rd2 d4 26. Bf2 Qe7 27. Bxd4 Bxd4 28. Rxd4
Qxc5 29. Rhd1 b4 30. Rc4 Qa5 31. Nb1 c5 32. Qf2 Bf7 33. Qxc5 Qxa2 34. Rc2 Bb3
35. Rd7 Bxc2 36. Rxg7+ Kxg7 37. h6+ Kxh6 38. Qh5+ Kg7 39. Qg5+ Kf7 40. Qf5+ Ke7
41. Qc5+ Ke6 42. Qc6+ Kf7 43. Qd7+ Kg8 0-1

[Event "Druzynowe Mistrzostwa Polski w Szachach I LIGA 2021"]
[Site "Szklarska Poreba"]
[Date "1899-12-30"]
[Round "5.29"]
[White "Bronowicki, Mateusz"]
[Black "Gesicki, Jacek"]
[Result "1/2-1/2"]
[WhiteTitle "FM"]
[BlackTitle "FM"]
[WhiteElo "2197"]
[BlackElo "2166"]

1. d4 Nf6 2. Bg5 e6 3. e4 h6 4. Bxf6 Qxf6 5. c3 d6 6. Bc4 g6 7. Ne2 Bg7 8. O-O
O-O 9. f4 Qd8 10. Nd2 Nc6 11. Ng3 Ne7 12. Bb3 d5 13. Qf3 dxe4 14. Ngxe4 Rb8 15.
Nc4 b6 16. Ne5 Bb7 17. Qe2 Kh8 18. Rad1 Nf5 19. Ng3 1/2-1/2

[Event "Druzynowe Mistrzostwa Polski w Szachach I LIGA 2021"]
[Site "Szklarska Poreba"]
[Date "1899-12-30"]
[Round "5.30"]
[White "Trybowska, Barbara"]
[Black "Rudnicka, Ewa"]
[Result "1/2-1/2"]
[WhiteTitle "I++"]
[BlackTitle "WFM"]
[WhiteElo "1806"]
[BlackElo "2147"]

1. d4 Nf6 2. c4 g6 3. Nc3 Bg7 4. e4 d6 5. Nf3 c6 6. Be2 Qc7 7. O-O Nbd7 8. h3 O-O
9. Be3 e5 10. dxe5 dxe5 11. Qc2 Nh5 12. Rfd1 f5 13. Ng5 Ndf6 14. Bc5 Rd8 15. Rxd8+
Qxd8 16. Rd1 Qe8 17. Bxh5 Nxh5 18. Qd2 b6 19. Ba3 h6 20. Nf3 Be6 21. b3 a6 22.
Qd6 Bf7 23. Qc7 1/2-1/2

[Event "Druzynowe Mistrzostwa Polski w Szachach I LIGA 2021"]
[Site "Szklarska Poreba"]
[Date "1899-12-30"]
[Round "5.32"]
[White "Wisniewski, Michal"]
[Black "Cyborowski, Lukasz"]
[Result "0-1"]
[WhiteTitle "FM"]
[BlackTitle "GM"]
[WhiteElo "2152"]
[BlackElo "2495"]

1. Nf3 Nf6 2. b3 e6 3. Bb2 b6 4. g3 Bb7 5. Bg2 Be7 6. O-O O-O 7. e3 d5 8. c4 dxc4
9. bxc4 c5 10. Nc3 Nc6 11. Qe2 Qc7 12. Nb5 Qd7 13. Rfd1 a6 14. Nc3 Qc7 15. Rac1
Na5 16. Nb1 Rac8 17. d3 b5 18. Nbd2 Rfd8 19. Nb3 bxc4 20. Nxa5 Qxa5 21. Rxc4 Qxa2
22. Ra1 Qb3 23. Bxf6 Bxf3 24. Bxf3 Bxf6 25. Rxa6 Rxd3 26. Qc2 Qxc2 27. Rxc2 g6
28. Ra7 Rb3 29. Rc4 Rb2 30. Rf4 Kg7 31. Bg4 Rc6 32. Bf3 Rc8 33. Bg4 Rc6 34. Bf3
Rd6 35. Rc7 h5 36. Bc6 Rb8 37. e4 Rf8 38. Bb5 Rd1+ 39. Kg2 Be5 0-1

[Event "Druzynowe Mistrzostwa Polski w Szachach I LIGA 2021"]
[Site "Szklarska Poreba"]
[Date "1899-12-30"]
[Round "5.33"]
[White "Nurkiewicz, Maciej"]
[Black "Brozyna, Mateusz"]
[Result "0-1"]
[WhiteTitle "m"]
[BlackTitle "FM"]
[WhiteElo "2339"]
[BlackElo "2297"]

1. e4 e5 2. Nf3 Nc6 3. Bb5 a6 4. Ba4 Nf6 5. O-O Be7 6. Bxc6 dxc6 7. d3 Nd7 8. b3
O-O 9. Bb2 f6 10. Nbd2 Bd6 11. Nc4 c5 12. Nh4 b5 13. Ne3 g6 14. g3 Nb6 15. f4
exf4 16. gxf4 f5 17. Qe1 Be7 18. Nhg2 Bf6 19. e5 Be7 20. Rd1 Bb7 21. c4 Qe8 22.
h3 Rd8 23. Qg3 bxc4 24. dxc4 Qc6 25. Rxd8 Bxd8 26. Kh2 Be7 27. Rd1 Qe4 28. Re1
Qd3 29. Nd5 Qxg3+ 30. Kxg3 Nxd5 31. cxd5 Bxd5 32. Ba3 Rd8 33. Ne3 Be4 34. Rd1
Rxd1 35. Nxd1 Kf7 36. Nc3 Bc6 37. Kf2 Ke6 38. Kg3 g5 39. Bb2 h6 40. Ne2 Bb5 41.
Nc3 Bd3 42. Ba3 gxf4+ 43. Kxf4 Bg5+ 44. Kf3 c4 45. bxc4 Bxc4 46. Bb2 Bd5+ 47.
Kg3 Kxe5 48. Nb5+ Ke4 49. Nc3+ Kd4 50. Nb5+ Kd3 51. Nxc7 f4+ 52. Kf2 Bh4+ 53.
Kg1 Bc4 0-1

[Event "Druzynowe Mistrzostwa Polski w Szachach I LIGA 2021"]
[Site "Szklarska Poreba"]
[Date "1899-12-30"]
[Round "5.34"]
[White "Zochowski, Kacper"]
[Black "Bartel, Michal"]
[Result "1/2-1/2"]
[WhiteTitle "FM"]
[BlackTitle "FM"]
[WhiteElo "2233"]
[BlackElo "2181"]

1. Nf3 g6 2. e4 Bg7 3. d4 d6 4. Nc3 c6 5. Be3 Nf6 6. Qd2 h6 7. Bd3 Qc7 8. O-O-O
e5 9. h3 Nbd7 10. g4 b5 11. g5 hxg5 12. Nxg5 a6 13. f4 Bb7 14. fxe5 dxe5 15. dxe5
Nxe5 16. Qf2 Nfd7 17. Be2 O-O-O 18. Kb1 1/2-1/2

[Event "Druzynowe Mistrzostwa Polski w Szachach I LIGA 2021"]
[Site "Szklarska Poreba"]
[Date "1899-12-30"]
[Round "5.35"]
[White "Sliwerski, Radoslaw"]
[Black "Adamczewski, Maciej"]
[Result "0-1"]
[WhiteTitle "k++"]
[BlackTitle "k"]
[WhiteElo "2007"]
[BlackElo "2011"]

1. d4 Nf6 2. c4 g6 3. g3 Bg7 4. Bg2 O-O 5. Nf3 d6 6. O-O Nbd7 7. Nc3 e5 8. e4 c6
9. b3 exd4 10. Nxd4 Re8 11. h3 Nc5 12. Re1 a5 13. Bf4 Nh5 14. Be3 Qc7 15. Qc2
Bd7 16. Rad1 Rad8 17. Bg5 Nf6 18. Ndb5 Qb8 19. Nxd6 Re5 20. f4 Rxg5 21. fxg5 Ne8
22. Nxe8 Rxe8 23. Na4 Nxa4 24. Rxd7 Nc5 25. Rdd1 Qxg3 26. Qf2 Qxg5 27. Rf1 Qe7
28. h4 h5 29. Qf4 Be5 30. Qg5 Kg7 31. Qxe7 Rxe7 32. Bf3 Bf6 33. Kg2 Bxh4 34. Rh1
Bf6 35. Rhe1 Re5 36. Re2 Bg5 37. Kg3 Kf8 38. Rb1 Nd3 39. Rd1 Bf4+ 40. Kh3 Nc5
41. Rd8+ Kg7 42. Rd1 Re8 43. Rf1 Nd3 44. Rd1 Ne5 45. Kg2 Rh8 46. Rf2 Be3 47. Rff1
Bc5 48. Be2 Ra8 49. a4 Kf8 50. Bxh5 gxh5 51. Rf5 Re8 52. Rxh5 Kg7 53. Rf1 b6 54.
Rg5+ Ng6 55. Kf3 Kf6 56. Rf5+ Ke6 57. Ke2 Ne5 58. Rf6+ Ke7 59. R6f5 Kd7 60. Rd1+
Ke6 61. Rdf1 Be7 62. Rh1 Rg8 63. Rh3 Rg2+ 64. Rf2 Rg4 65. Rh6+ f6 66. Rh8 Rxe4+
67. Kd1 Rd4+ 68. Rd2 Rxd2+ 69. Kxd2 Bc5 70. Rh5 Kf7 71. Ke2 Kg6 72. Rh8 Kg5 73.
Re8 Kf4 74. Re6 f5 75. Kd2 Ke4 76. Ke2 f4 77. Rf6 f3+ 78. Kf1 f2 79. Re6 Kf5 80.
Rh6 Nf3 81. Ke2 Nd2 0-1

[Event "Druzynowe Mistrzostwa Polski w Szachach I LIGA 2021"]
[Site "Szklarska Poreba"]
[Date "1899-12-30"]
[Round "5.36"]
[White "Rudzinska, Michalina"]
[Black "Kulon, Klaudia"]
[Result "0-1"]
[WhiteTitle "WFM"]
[BlackTitle "IM"]
[WhiteElo "2222"]
[BlackElo "2332"]

1. e4 c5 2. Nf3 Nc6 3. Nc3 g6 4. d4 cxd4 5. Nxd4 Bg7 6. Be3 Nf6 7. Nb3 O-O 8. Be2
a5 9. a4 d6 10. O-O Be6 11. f4 Nd7 12. Kh1 f5 13. exf5 gxf5 14. Nd4 Nxd4 15. Bxd4
Bxd4 16. Qxd4 Qb6 17. Qxb6 Nxb6 18. Bf3 Rab8 19. Rfe1 Kf7 20. Re2 Bd7 21. Rae1
e6 22. b3 Kf6 23. Nb5 Ke7 24. c4 Rf6 25. Nd4 Na8 26. Rd2 Nc7 27. Nb5 Bxb5 28.
cxb5 Kd7 29. Red1 d5 30. Rc1 Rc8 31. Kg1 Rff8 32. Kf2 Na8 33. Re1 Nb6 34. Rde2
Rf6 35. g4 fxg4 36. Bxg4 Rxf4+ 37. Kg3 Rxg4+ 38. Kxg4 Re8 39. h4 Kd6 40. h5 e5
41. Rf2 Nd7 42. Kg5 e4 43. Kh6 Re7 44. Rg2 Nf6 45. Rg5 e3 46. Rf5 Ke6 47. Rf3
d4 48. Kg5 Rg7+ 49. Kh6 Rf7 50. Rg3 Nd5 51. Rg4 Ke5 52. Rg5+ Ke4 53. Rg4+ Nf4
54. Rg8 Re7 55. Rg4 d3 56. Rf1 Rf7 57. Kg5 Rf5+ 58. Kh4 e2 59. Re1 Ke5 0-1

[Event "Druzynowe Mistrzostwa Polski w Szachach I LIGA 2021"]
[Site "Szklarska Poreba"]
[Date "1899-12-30"]
[Round "5.37"]
[White "Klekowski, Maciej"]
[Black "Zylka, Stanislaw"]
[Result "1/2-1/2"]
[WhiteTitle "GM"]
[BlackTitle "FM"]
[WhiteElo "2510"]
[BlackElo "2312"]

1. c4 e5 2. g3 Nf6 3. Bg2 d5 4. cxd5 Nxd5 5. Nf3 Nc6 6. d3 Be7 7. O-O O-O 8. a3
Re8 9. Nbd2 Bf8 10. Nb3 Bg4 11. h3 Bh5 12. e4 Nb6 13. Be3 Qd7 14. g4 Bg6 15. Qc2
Rad8 16. Rad1 f6 17. Nc5 Qc8 18. b4 Bf7 19. Rc1 Bxc5 20. Bxc5 Nd7 21. Be3 Nf8
22. b5 Na5 23. Qa4 b6 24. d4 exd4 25. Nxd4 Ng6 26. Rc3 Nh4 27. f3 Rd7 28. Rfc1
Qd8 29. Bf2 Nxg2 30. Kxg2 Re5 31. R1c2 Be8 32. Qb4 a6 33. a4 axb5 34. axb5 g6
35. Nc6 Nxc6 36. Rxc6 Rf7 37. Rd2 Qe7 38. Qxe7 Rexe7 39. Rd8 Kg7 40. Rc2 Bxb5
41. h4 Rd7 42. Rc8 Ba6 43. Ra8 Bd3 44. Rc6 Bb5 45. Rc2 Bd3 46. Rc6 Bb5 47. Rc2
1/2-1/2

[Event "Druzynowe Mistrzostwa Polski w Szachach I LIGA 2021"]
[Site "Szklarska Poreba"]
[Date "1899-12-30"]
[Round "5.38"]
[White "Nowak, Mikolaj"]
[Black "Seemann, Jakub"]
[Result "1-0"]
[WhiteTitle "k++"]
[BlackTitle "FM"]
[WhiteElo "2310"]
[BlackElo "2294"]

1. Nf3 Nf6 2. g3 e6 3. Bg2 d5 4. O-O Be7 5. c4 O-O 6. d4 dxc4 7. Na3 Bxa3 8. bxa3
c6 9. a4 Nd5 10. Ba3 Re8 11. e4 Nc7 12. Ne5 b5 13. Qh5 g6 14. Qh6 a5 15. Nxf7
Qd7 16. Nd6 b4 17. Nxe8 Nxe8 18. Bc1 Qxd4 19. Be3 Qf6 20. e5 Qf7 21. Rad1 Bd7
22. Rd4 c3 23. Rfd1 Nc7 24. Rxd7 Nxd7 25. Bxc6 Rd8 26. Qh4 Qe8 27. Rd6 Nd5 28.
Bxd5 exd5 29. e6 c2 30. exd7 Rxd7 31. Rxd7 Qxd7 32. Qd4 Qc6 33. Bc1 h5 34. Kf1
Kh7 35. h4 Qe6 36. Qa7+ Kg8 37. Qb8+ Kh7 38. Qc7+ 1-0

[Event "Druzynowe Mistrzostwa Polski w Szachach I LIGA 2021"]
[Site "Szklarska Poreba"]
[Date "1899-12-30"]
[Round "5.39"]
[White "Barski, Radoslaw"]
[Black "Tomaszewski, Kacper"]
[Result "1-0"]
[WhiteTitle "IM"]
[BlackTitle "FM"]
[WhiteElo "2442"]
[BlackElo "2302"]

1. e4 c6 2. d4 d5 3. e5 Bf5 4. Nf3 e6 5. Be2 c5 6. c3 Nc6 7. O-O Qb6 8. dxc5 Bxc5
9. b4 Be7 10. Be3 Qc7 11. b5 Na5 12. Qa4 b6 13. Rc1 Bc5 14. Bxc5 Qxc5 15. Nbd2
Nh6 16. Nb3 Nxb3 17. axb3 O-O 18. Nd4 f6 19. exf6 Rxf6 20. Nc6 Be4 21. Qd4 Qd6
22. f3 Nf5 23. Qe5 Qc5+ 24. Nd4 Nh4 25. fxe4 Ng6 26. b4 Qf8 27. Qg3 e5 28. Nc6
Nf4 29. Bf1 Rg6 30. Qe3 Qf6 31. g3 Rf8 32. exd5 Rg5 33. Ra2 Qh6 34. Rf2 Rf6 35.
Nxe5 Rxe5 36. Qxe5 1-0

[Event "Druzynowe Mistrzostwa Polski w Szachach I LIGA 2021"]
[Site "Szklarska Poreba"]
[Date "1899-12-30"]
[Round "5.40"]
[White "Koziol, Kamil"]
[Black "Karolczuk, Iwo"]
[Result "1-0"]
[WhiteTitle "FM"]
[BlackTitle "k+"]
[WhiteElo "2276"]
[BlackElo "2383"]

1. e4 c5 2. Nf3 Nc6 3. d4 cxd4 4. Nxd4 e5 5. Nb5 d6 6. c4 Be6 7. N1c3 a6 8. Na3
g6 9. Nc2 f5 10. exf5 gxf5 11. Be2 Nf6 12. Bg5 Rg8 13. Qd2 f4 14. Bh5+ Kd7 15.
Bxf6 Qxf6 16. Bf3 Bxc4 17. Bd5 Bxd5 18. Nxd5 Qd8 19. Qd3 Kc8 20. O-O Kb8 21. b4
Qg5 22. g3 h5 23. b5 axb5 24. Rab1 Ra5 25. Rxb5 h4 26. Rfb1 Rg7 27. Ncb4 Rxb5
28. Qxb5 fxg3 29. Nxc6+ Kc8 30. Nb6+ Kc7 31. Nd5+ Kc8 32. hxg3 hxg3 33. Nb6+ Kc7
34. Nd5+ Kc8 35. f4 Qh4 36. Nb6+ Kc7 37. Nd5+ Kc8 38. Rb2 g2 39. Nb6+ Kc7 40.
Nd5+ Kc8 41. Nde7+ Rxe7 42. Nxe7+ Qxe7 43. f5 Bh6 44. Rxg2 Qh4 45. Rg8+ Kc7 46.
Qa5+ Kd7 47. Qc3 Qd4+ 48. Qxd4 exd4 49. Kf2 Ke7 50. Rg6 Bd2 51. Re6+ Kd7 52. Ke2
Bf4 53. Kd3 Be5 54. Ke4 b5 55. Rh6 Ke7 56. Rh1 Kf6 57. Rb1 1-0